Rafi Ahmad Qidwai (Record no. 422668)

MARC details
000 -LEADER
fixed length control field 00841nam a2200265Ia 4500
003 - CONTROL NUMBER IDENTIFIER
control field OSt
005 - DATE AND TIME OF LATEST TRANSACTION
control field 20220924125444.0
008 - FIXED-LENGTH DATA ELEMENTS--GENERAL INFORMATION
fixed length control field 220923b |||||||| |||| 00| 0 urd d
037 ## - SOURCE OF ACQUISITION
Terms of availability Textual
040 ## - CATALOGING SOURCE
Original cataloging agency ARTS
Transcribing agency ARTS
Language of cataloging urd
041 ## - LANGUAGE CODE
Source of code urd
Language code of text/sound track or separate title urd
100 ## - MAIN ENTRY--PERSONAL NAME
Personal name Saharanpuri Ajeet Parshad Jain Au.
9 (RLIN) 198289
245 #0 - TITLE STATEMENT
Title Rafi Ahmad Qidwai
260 ## - PUBLICATION, DISTRIBUTION, ETC.
Place of publication, distribution, etc. Saharanour
Name of publisher, distributor, etc. Tayyaba Suhail Begum India
Date of publication, distribution, etc. 1969
300 ## - PHYSICAL DESCRIPTION
Extent 213p.
Dimensions cm.
650 ## - SUBJECT ADDED ENTRY--TOPICAL TERM
Topical term or geographic name entry element INDIA - HISTORY - FREEDOM STRUGGLE
9 (RLIN) 22401
700 ## - ADDED ENTRY--PERSONAL NAME
Personal name Saharanpuri Tayyaba Suhail Begum Tr.
9 (RLIN) 198290
942 ## - ADDED ENTRY ELEMENTS (KOHA)
Classification part V2:25xM96w, 168K9
Koha item type Textual
Source of classification or shelving scheme Colon Classification (CC)
Holdings
Withdrawn status Lost status Damaged status Not for loan Home library Current library Date acquired Cost, normal purchase price Total Checkouts Full call number Barcode Date last seen Cost, replacement price Price effective from Koha item type
        Arts Library Arts Library 2022-09-24 10.00   V2:25xM96w 168K9 AL0284264 2022-09-24 10.00 2022-09-24 Textual
Copyright @ Delhi University Library System